Situating Social Media: Gender, Caste, Protest, Solidarity/ (Record no. 178161)

MARC details
000 -LEADER
fixed length control field 00632nam a22001937a 4500
005 - DATE AND TIME OF LATEST TRANSACTION
control field 20210319150427.0
010 ## - LCCN (DPL NO)
LC control number ENG-129252
020 ## - INTERNATIONAL STANDARD BOOK NUMBER
International Standard Book Number 9789385606274
Terms of availability 600.00
035 ## - SYSTEM CONTROL NUMBER
System control number EN-112784
037 ## - SOURCE OF ACQUISITION
Source of stock number/acquisition DBAD/PUB
082 ## - DEWEY DECIMAL CLASSIFICATION NUMBER
Classification number 302.2310954
245 ## - TITLE STATEMENT
Title Situating Social Media: Gender, Caste, Protest, Solidarity/
Statement of responsibility, etc edited by Samata biswas and Atig Ghosh
260 ## - PUBLICATION, DISTRIBUTION, ETC. (IMPRINT)
Name of publisher, distributor, etc Women Unlimited
Place of publication, distribution, etc New Delhi
Date of publication, distribution, etc 2020
270 ## - ADDRESS
Address 7/10, First Floor, Sarvapriya Vihar
City New Delhi
Postal code 110016
300 ## - PHYSICAL DESCRIPTION
Extent vi+232p.
Dimensions 22cm(pbk)
700 ## - ADDED ENTRY--PERSONAL NAME
Personal name Biswas, Samata ed.
700 ## - ADDED ENTRY--PERSONAL NAME
Personal name Ghosh, Atig ed.
942 ## - ADDED ENTRY ELEMENTS (KOHA)
Source of classification or shelving scheme Dewey Decimal Classification
Item type English Books
Classification part 302.2310954
Call number suffix SIT
Holdings
Withdrawn status Lost status Not for loan Collection code Home library Current library Date acquired Source of acquisition Cost, normal purchase price Full call number Barcode Copy number Cost, replacement price Koha item type
      Non-fiction Ashok Vihar Ashok Vihar 19/03/2021 DBAD/PUB 600.00 302.2310954 SIT EN-112784 1 600.00 English Books

© Delhi Public Library
Hit Counter
free hit counter